Shameless Characters - Statistics

General Stats
  • This quiz has been taken 594 times
  • The average score is 35 of 125
Answer Stats
Hint Answer % Correct
Gallagher Fiona
96%
Gallagher Lip
96%
Gallagher | Who shaved Franks head in the hospital Carl
95%
Gallagher Frank
95%
Gallagher Ian
95%
Gallagher Debbie
93%
Gallagher Liam
89%
White Mo
88%
Gallagher Monica
86%
Ball Kev/Kevin
84%
Milkovich Mickey
84%
Fisher Veronica
83%
Milkovich Mandy
77%
Jackson Karen
68%
Jackson Sheila
66%
Yevgenivna Svetlana
64%
Gallagher Franny
61%
Pierce Sean
58%
Lishman Jimmy
57%
Slott Sammi
56%
Franks drinking buddy Kermit
55%
Milkovich Terry
53%
Tamietti Tami
50%
Ball Amy
49%
Franks drinking buddy Tommy
46%
Slott Chuckie
45%
Pfender Gus
43%
Ball Jemma
43%
Milkovich Sandy
43%
Jackson Eddie
42%
The girl kev and vi fostered Ethel
42%
Gallagher Freddie
39%
Fisher Carol
35%
Lips girlfriend when he was in college Amanda
34%
Pratt Mike
34%
Silverman Jody
32%
Young Cami
31%
What were frank and lip doing after lip gradutated drinking
31%
Markovich Tony
31%
Ball | Social worker at lgbt center Trevor
31%
Morton Sierra
30%
What camp did carl go to Cancer
28%
Gallagher Ginger
27%
Slott Queenie
25%
Yevgenivna Yevgeny
25%
Young Brad
23%
Steves extremely annoying girlfriend Estefania
23%
Karib Kash
23%
Gallagher | Who did Sheila kill Peggy
23%
Winslow Dominique
22%
The girl kev and vi fostereds son Jonah
22%
Gallagher Patrick
22%
Pratt Robbie
22%
Kellogg Ford
21%
Hollander Hal
21%
Keefe Kelly
21%
Runyon Helene
19%
Carls wife Kassidi
19%
Lishman Ned
19%
Delgado Derek
18%
Who she runs away with Malik
18%
Who got stabbed in prison for being a pedophile | Youens Clyde
16%
Morton Lucas
16%
what else ice skating
15%
Tamietti Bob
14%
On and off boyfriend of Sierra Charlie
14%
Morton Neil
14%
Milkovich iggy
13%
Baker Matt
13%
Milkovich | Wong Timmy
13%
Female bartender Kate
12%
Pierce Will
12%
Herkimer Holly
11%
Winslow Luther
11%
O'Shea Mikey
11%
Hollander Jasmine
10%
Gonzalez Anne
9%
What kind of chair did Mickey want for the wedding Chiavari
9%
what else eating
9%
What was someone trying to steal from mickey when he was in jail Jello
9%
Chabon Nessa
9%
Lishman Candace
8%
Trevors former case worker Geneva
8%
Milkovich Molly
8%
Kopchek Stan
8%
Milkovich Colin
7%
Donahue Faye
7%
Nicolo Julia
7%
Ians boss who he drives a ambulance with Sue
7%
Mierzejewski Margo
6%
Fisher Marty
6%
Galvez Xan
6%
Pratt Bill
5%
Tamietti Cory
5%
what else hospital
5%
Milkovich Joey
5%
Karib | Milkovich Laura
5%
Manager at captain bobs Lori
5%
Gallagher Mr Gallagher
5%
Bitterman Paula
5%
Gallagher Rose
5%
Kopchek Alan
4%
Lishman Chip
4%
Nicolo Claudia
4%
Milkovich Jamie
3%
Tamietti Kim
3%
Wong Mrs Wong
3%
Ball Bambi
2%
Ball Barry
2%
Holmes Kyle
2%
Galvez Mercy
2%
Pratt Nancy
2%
Pratt Oscar
2%
Fisher Reginald
2%
Ball Biff
1%
Pratt Jane
1%
Pratt Nate
1%
Ball Ronnie
1%
Keefe Samuel
1%
No matching quizzes found
Score Distribution
Percent of People with Each Score
Percentile by Number Answered
Your Score History
You have not taken this quiz